000 01390namaa2200337 i 4500
003 EG-GICUC
005 20250519113906.0
008 250519s2001 ua |||jr|||| 000 0 ara d
017 _a2001 / 9044
_bدار الكتب والوثائق القومية (مصر)
020 _a9770907200
040 _aEG-GiCUC
_bara
_cEG-GiCUC
_dEG-GiCUC
_erda
082 0 4 _221
_a217.6
_bN254
092 0 4 _221
_a217.6
_bN254
099 _a217.6 N254
100 1 _aعبد الناصر، وليد محمود،
_eمؤلف.
245 1 2 _aالتيارات الإسلامية في مصر و مواقفها تجاه الخارج :
_bمن النكسة الى المنصة 1967 -1981 /
_cوليد محمود عبد الناصر ؛ تقديم احمد كمال ابو المجد.
250 _aالطبعة الاولى
264 _aالقاهرة :
_bدار الشروق،
_c2001.
300 _a199 صفحة ؛
_c24 سم
336 _2rdacontent
_atext
337 _2rdamedia
_aUnmediated
338 _2rdacarrier
_avolume
504 _a194-159 ببليوجرافيا: صفحات.
541 _aد. جابر عصفور ؛
_bالقاهرة ؛
_cإهداء ؛
_d2024.
650 1 7 _aالاخوان المسلمون
_zمصر
_2qrmak
650 1 4 _aالحركات الاسلامية
651 1 _2qrmak
700 1 _aابو المجد، احمد كمال،
_eمقدم.
905 _aAya
942 _2ddc
_cBK
_e21
_n0
999 _c172182
_d172182